| 000 | 01127nam a2200277 i 4500 | ||
|---|---|---|---|
| 001 | 25164 | ||
| 003 | ES-MaACL | ||
| 005 | 20250903005837.0 | ||
| 007 | t| | ||
| 008 | 021220m19671973sp ||||1| spa d | ||
| 020 | _a84-291-5002-1 | ||
| 080 | _a516 | ||
| 080 | _a517 | ||
| 100 | 1 |
_aApostol, Tom. M. _922106 |
|
| 245 | 1 | 0 |
_aCalculus / _cTom M. Apostol ; [versión por Francisco Vélez Cantarell]. |
| 260 |
_aBarcelona : _bReverté, _c1967-1973. |
||
| 300 |
_a2 v. : _bil. ; _c22 cm. |
||
| 505 | 8 | _aContiene: 1. Cálculo con funciones de una variable, con una introducción al álgebra lineal (575 p.) - 2. Cálculo en varias variables, con aplicaciones a las probabilidades y al análisis vectorial (VII, 661 p.) | |
| 650 | 7 |
_aCálculo _2embne _910668 |
|
| 650 | 4 |
_aGeometría analítica. _913100 |
|
| 700 | 1 |
_aVélez Cantarell, Francisco. _9113829 |
|
| 740 | 0 | 2 | _aCálculo con funciones de una variable, con una introducción al álgebra lineal. |
| 740 | 0 | 2 | _aCálculo en varias variables, con aplicaciones a las probabilidades y al análisis vectorial. |
| 852 | 4 |
_aES-MaACL _jL-1834-35 |
|
| 999 |
_c25164 _d25164 |
||